000
00335nam a2200133Ia 4500
008
240624s9999 xx 000 0 und d
041
_a
eng
082
_a
658.83 AAK
100
_a
AAKER DAVID A
245
_a
MARKETING RESEARCH
250
_a
(11th ed.)
260
_c
2016
_a
New Delhi
_b
Wiley India
300
_a
xiv, : 647 : p. : cm. ; 25
999
_c
28539
_d
28539